Encuesta nacional de fecundidad Ecuador-1979: informe general

Bibliografske podrobnosti
Korporativna značnica: Instituto Nacional de Estadística y Censos (INEC)
Format: Knjiga
Jezik:Spanish
Teme:

MARC

LEADER 00000nam a2200000 a 4500
001 44217a
005 20230308183304.0
008 000000|1979 ||||||||r|||||||||||spa||
040 |b spa 
041 1 |a spa 
082 0 |a 310.86 
110 2 |a Instituto Nacional de Estadística y Censos (INEC).  |g INEC  |9 13632 
245 |a Encuesta nacional de fecundidad Ecuador-1979: informe general  |c INEC  |h imp 
264 |a Quito  |b INEC  |c 1979 
300 |a 271 páginas:  |b tab  |c 29,5 cm 
650 |a Ecuador  |9 253351 
650 |a Fecundidad  |9 15505 
650 |a Encuesta de fecundidad  |9 104436 
852 |a UC-CDJBV  |c ESTANTERIA CERRADA  |f Donación  |k lucia.mora  |l 1  |m General  |p 00000000  |r 2  |t 44217a  |b 0  |d CDRC  |e CDRC  |g 310.86 ESTANTERIA CERRADA  |z 0000-00-00 
942 |c BK 
999 |c 62493  |d 62493